Electricidad / (Record no. 79972)

MARC details
000 -LEADER
campo de control de longitud fija 00750nam a2200229 i 4500
001 - NÚMERO DE CONTROL
campo de control 79972
003 - IDENTIFICADOR DE NÚMERO DE CONTROL
campo de control ES-MaACL
005 - FECHA Y HORA DE LA ÚLTIMA TRANSACCIÓN
campo de control 20251114151306.0
007 - CAMPO FIJO DE DESCRIPCIÓN FÍSICA--INFORMACIÓN GENERAL
campo de control de longitud fija t|
008 - DATOS DE LONGITUD FIJA--INFORMACIÓN GENERAL
campo de control de longitud fija 041025s1968 sp ||||1| spa d
100 1# - ENTRADA PRINCIPAL--NOMBRE DE PERSONA
Nombre de persona Hille, Wilhelm.
9 (RLIN) 63717
245 10 - MENCIÓN DEL TÍTULO
Título Electricidad /
Mención de responsabilidad, etc. por Wilhelm Hille y Otto Schneider ; [traducción José Funque ; revisada por Juan Corrales Martín].
250 ## - MENCION DE EDICION
Mención de edición [1ª ed.].
260 ## - PUBLICACIÓN, DISTRIBUCIÓN, ETC.
Lugar de publicación, distribución, etc. Barcelona :
Nombre del editor, distribuidor, etc. Labor,
Fecha de publicación, distribución, etc. 1968.
300 ## - DESCRIPCIÓN FÍSICA
Extensión XII, 273 p. :
Otras características físicas il. ;
Dimensiones 23 cm.
650 07 - PUNTO DE ACCESO ADICIONAL DE MATERIA--TÉRMINO DE MATERIA
Término de materia o nombre geográfico como elemento de entrada Electricidad
Fuente del encabezamiento o término embne
9 (RLIN) 12159
700 1# - ENTRADA AGREGADA--NOMBRE PERSONAL
Nombre de persona Schneider, Otto.
9 (RLIN) 104573
700 1# - ENTRADA AGREGADA--NOMBRE PERSONAL
Nombre de persona Funque, José.
9 (RLIN) 53033
700 1# - ENTRADA AGREGADA--NOMBRE PERSONAL
Nombre de persona Corrales Martín, Juan,
Fechas asociadas al nombre 1907-2000
9 (RLIN) 40736
852 ## - LOCALIZACIÓN
Ubicación ES-MaACL
Número de control de estantería C-34042
Sublocalización o colección R.64851
Holdings
Estatus retirado Estado de pérdida Estado de daño No para préstamo Biblioteca de origen Biblioteca actual Ubicación en estantería Fecha de adquisición Fuente de adquisición Total de préstamos Signatura topográfica completa Código de barras Visto por última vez Precio de reemplazo Tipo de ítem Koha
        Biblioteca del Ateneo de Madrid Biblioteca del Ateneo de Madrid Depósito 2 17/01/2008     C-34042 1083618 23/02/2023 23/02/2023 Libro impreso